Eurovision Song Contest 2013 - Semi-Final 1 Results - Statistics

General Stats
  • This quiz has been taken 9 times
  • The average score is 15 of 16
Answer Stats
Answer % Correct
Austria
100%
Belgium
100%
Croatia
100%
Denmark
100%
Estonia
100%
Moldova
100%
Netherlands
100%
Russia
100%
Serbia
100%
Ukraine
100%
Cyprus
86%
Ireland
86%
Lithuania
86%
Montenegro
86%
Slovenia
86%
Belarus
71%
No matching quizzes found
Score Distribution
Percent of People with Each Score
Percentile by Number Answered
Your Score History
You have not taken this quiz